000
00261nam a2200109Ia 4500
008
190914s9999||||xx |||||||||||||| ||und||
100
_a
Russell,Bertrand
245
3
_a
An outline of Philosophy
260
_a
New York
_b
Addision
_c
1994
300
_a
590
942
_c
BK
999
_c
8675
_d
8675